[Event "BL2-Sued playoff 1"]
[Site "Germany"]
[Date "2024.05.04"]
[Round "10.5"]
[White "Siedentopf, Daniel"]
[Black "Rodewis, Thomas"]
[Result "1/2-1/2"]
[WhiteElo "2229"]
[BlackElo "2355"]
[PlyCount "154"]
[EventDate "2024.05.04"]
[EventType "team-k.o."]
[EventRounds "2"]
[EventCountry "GER"]
[SourceTitle "EXT 2025"]
[Source "ChessBase"]
[SourceDate "2024.10.14"]
[SourceVersion "1"]
[SourceVersionDate "2024.10.14"]
[SourceQuality "1"]
[WhiteTeam "Dresden Gruen Weiss"]
[BlackTeam "Bayern Muenchen II"]
[WhiteTeamCountry "GER"]
[BlackTeamCountry "GER"]

1. d4 d5 2. c4 c6 3. Nf3 Nf6 4. e3 Bg4 5. h3 Bxf3 6. Qxf3 e6 7. Nc3 Bb4 8. Bd3 0-0 9. 0-0 Nbd7 10. Rd1 Qe7 11. Bd2 e5 12. dxe5 Nxe5 13. Qe2 dxc4 14. Bxc4 Nxc4 15. Qxc4 Rad8 16. a3 Ba5 17. Be1 Bc7 18. g3 Nd7 19. Ne2 Ne5 20. Bb4 Qf6 21. Qe4 Rfe8 22. Kg2 Nd3 23. Qf3 Qxf3+ 24. Kxf3 Nxb2 25. Rxd8 Rxd8 26. Rb1 Nc4 27. Bc3 b6 28. Nd4 c5 29. Nc6 Rd3 30. Rc1 a6 31. a4 b5 32. axb5 axb5 33. Na7 Na3 34. Bb2 Nc4 35. Nxb5 Nxb2 36. Nxc7 Rd2 37. Rxc5 Nd1 38. Nd5 Rxf2+ 39. Ke4 g6 40. g4 h6 41. Nf4 Rd2 42. Kf3 Rf2+ 43. Kg3 Ra2 44. Kf3 Ra3 45. Nd5 Kg7 46. Ke2 Nb2 47. Nc3 Ra8 48. Nd5 Ra1 49. Rc2 Na4 50. Kf3 Rh1 51. Kg2 Rb1 52. Rc4 Ra1 53. Kf3 Ra3 54. h4 Nb2 55. Rc2 Nd3 56. Ke4 Ne1 57. Rc4 Ra6 58. Nf4 Ra8 59. Nd5 Re8+ 60. Kf4 Ng2+ 61. Kg3 Nxe3 62. Nxe3 Rxe3+ 63. Kg2 Kf6 64. Rf4+ Ke6 65. Rf2 Ra3 66. Re2+ Kf6 67. Rf2+ Kg7 68. Rf1 Ra5 69. Kg3 f6 70. Rb1 h5 71. Rb7+ Kh6 72. Rf7 Ra3+ 73. Kg2 Ra6 74. Rxf6 Rxf6 75. g5+ Kg7 76. gxf6+ Kxf6 77. Kf2 Kf5 1/2-1/2

[Event "BL2-Ost 2324"]
[Site "Germany"]
[Date "2024.03.17"]
[Round "10.5"]
[White "Costa, Leonardo"]
[Black "Rodewis, Thomas"]
[Result "1-0"]
[WhiteElo "2387"]
[BlackElo "2360"]
[PlyCount "61"]
[EventDate "2023.10.21"]
[EventType "team-tourn"]
[EventRounds "10"]
[EventCountry "GER"]
[SourceTitle "EXT 2025"]
[Source "ChessBase"]
[SourceDate "2024.10.14"]
[SourceVersion "1"]
[SourceVersionDate "2024.10.14"]
[SourceQuality "1"]
[WhiteTeam "Muenchen 1836"]
[BlackTeam "Bayern Muenchen II"]
[WhiteTeamCountry "GER"]
[BlackTeamCountry "GER"]

1. e4 c5 2. Nf3 Nf6 3. e5 Nd5 4. Nc3 e6 5. Ne4 f5 6. Nc3 Nb4 7. Nb5 a6 8. Nd6+ Bxd6 9. exd6 Qb6 10. a3 Nd5 11. d4 Qxd6 12. dxc5 Qxc5 13. c4 Nf6 14. b4 Qc7 15. Bb2 b6 16. Be2 Nc6 17. 0-0 Bb7 18. Qd3 0-0 19. Rfd1 Rad8 20. b5 axb5 21. cxb5 Ne7 22. Be5 Qc8 23. Rac1 Qa8 24. Bd6 Nfd5 25. Qd4 Rfe8 26. Ne5 Nc8 27. Bc7 d6 28. Bxd8 dxe5 29. Qxe5 Rxd8 30. Rc7 Nce7 31. Rxd5 1-0

[Event "BL2-Ost 2223"]
[Site "Germany"]
[Date "2022.10.23"]
[Round "2.6"]
[White "Heimrath, Reiner"]
[Black "Rodewis, Thomas"]
[Result "1/2-1/2"]
[WhiteElo "2187"]
[BlackElo "2352"]
[PlyCount "174"]
[EventDate "2022.10.22"]
[EventType "team-tourn"]
[EventRounds "10"]
[EventCountry "GER"]
[SourceTitle "EXT 2024"]
[Source "ChessBase"]
[SourceDate "2023.10.10"]
[SourceVersion "1"]
[SourceVersionDate "2023.10.10"]
[SourceQuality "1"]
[WhiteTeam "Nuernberg NT"]
[BlackTeam "Bayern Muenchen II"]
[WhiteTeamCountry "GER"]
[BlackTeamCountry "GER"]

1. e4 c5 2. Nc3 Nc6 3. d3 g6 4. Be3 d6 5. d4 cxd4 6. Bxd4 Nf6 7. Nd5 Nxd4 8. Nxf6+ exf6 9. Qxd4 Be7 10. Bb5+ Kf8 11. Ne2 Qa5+ 12. Nc3 Be6 13. 0-0 Rc8 14. Be2 Qc5 15. Rfd1 a6 16. Rac1 Kg7 17. Nd5 Bd8 18. c4 Re8 19. Bf3 Bxd5 20. Qxd5 Bb6 21. Qd2 a5 22. Qc2 Qc7 23. a3 Ra8 24. b3 Qe7 25. Rd5 Bc7 26. g3 Red8 27. Bg2 Rab8 28. Rcd1 Qf8 29. R1d3 Re8 30. Qd2 Re5 31. h3 Rbe8 32. Kh2 Rxd5 33. Rxd5 Re5 34. Rd4 Qb8 35. f4 Re7 36. Rd5 Qa7 37. Rb5 h5 38. h4 Qb8 39. Qd5 b6 40. Qd4 Qe8 41. Rd5 Qb8 42. Bf3 Re8 43. Kg2 Qd8 44. Rb5 Rh8 45. Qd5 Re8 46. Qc6 Re6 47. Qd5 Re8 48. Qd1 Qe7 49. Rd5 Rd8 50. Rd2 Qf8 51. Qa1 Qe7 52. Rd5 Rh8 53. b4 Rb8 54. Qb2 Rd8 55. Qd2 Rb8 56. Kh2 Rd8 57. Bg2 Kg8 58. Qd1 Kg7 59. Qa4 Kg8 60. Qc6 Kg7 61. Rb5 Rb8 62. Bh3 Kf8 63. Bd7 Qd8 64. Rd5 axb4 65. axb4 Ra8 66. Rd2 Ra7 67. c5 dxc5 68. bxc5 Ra5 69. cxb6 Bxb6 70. Rd6 Bc5 71. Rd2 Bb4 72. Rb2 Qe7 73. Bh3 Rc5 74. Qa8+ Kg7 75. Bg2 Rc1 76. Qd5 Bc5 77. Rb7 Bg1+ 78. Kh3 Rc7 79. Rxc7 Qxc7 80. Qd1 Qc8+ 81. f5 Ba7 82. Qf3 Bb8 83. Bf1 Qc7 84. Be2 Qe5 85. Kg2 g5 86. hxg5 fxg5 87. f6+ Qxf6 1/2-1/2

[Event "BL2-Ost 2223"]
[Site "Germany"]
[Date "2022.10.22"]
[Round "1.6"]
[White "Rodewis, Thomas"]
[Black "Voekler, Bernd"]
[Result "1-0"]
[WhiteElo "2352"]
[BlackElo "2343"]
[PlyCount "131"]
[EventDate "2022.10.22"]
[EventType "team-tourn"]
[EventRounds "10"]
[EventCountry "GER"]
[SourceTitle "EXT 2024"]
[Source "ChessBase"]
[SourceDate "2023.10.10"]
[SourceVersion "1"]
[SourceVersionDate "2023.10.10"]
[SourceQuality "1"]
[WhiteTeam "Bayern Muenchen II"]
[BlackTeam "Erfurt"]
[WhiteTeamCountry "GER"]
[BlackTeamCountry "GER"]

1. d4 Nf6 2. c4 g6 3. Nc3 Bg7 4. e4 d6 5. f3 0-0 6. Nge2 Re8 7. Be3 e5 8. d5 a5 9. Qd2 Na6 10. 0-0-0 Nc5 11. Kb1 h5 12. h3 Nh7 13. g4 h4 14. Rg1 Bf8 15. Nc1 g5 16. Nd3 b6 17. b3 Be7 18. Nf2 Bd7 19. Be2 Nf8 20. Kc2 Ng6 21. Ra1 Bf6 22. Rgb1 Nf4 23. Bf1 Qe7 24. Kd1 Red8 25. Ke1 Qe8 26. Be2 Ng2+ 27. Kf1 Nxe3+ 28. Qxe3 Qe7 29. Bd1 Ra6 30. a3 Rda8 31. Qc1 Qe8 32. b4 Nb7 33. Nd3 Be7 34. Be2 axb4 35. axb4 Rxa1 36. Rxa1 Rxa1 37. Qxa1 Qb8 38. Qa6 Nd8 39. Bd1 Qb7 40. Qxb7 Nxb7 41. Ba4 Bxa4 42. Nxa4 f6 43. Nc3 Kf7 44. Nb5 Bd8 45. Na7 Be7 46. Ke2 Ke8 47. Kd1 Nd8 48. Kc2 Kd7 49. Kb3 Nf7 50. Ka4 Nh8 51. Kb5 Nf7 52. Nc6 Bf8 53. Ka6 Kc8 54. Ka7 Nh8 55. Ka8 Ng6 56. Na7+ Kd7 57. Kb7 Be7 58. Nc6 Bd8 59. c5 bxc5 60. bxc5 dxc5 61. Nxc5+ Kd6 62. Ne6 Be7 63. Kc8 Bf8 64. Kd8 Bh6 65. Na7 c5 66. Nb5# 1-0

[Event "BL2-Ost 2122"]
[Site "Germany"]
[Date "2022.07.03"]
[Round "10.7"]
[White "Lammers, Markus"]
[Black "Rodewis, Thomas"]
[Result "1-0"]
[WhiteElo "2288"]
[BlackElo "2384"]
[PlyCount "63"]
[EventDate "2022.03.05"]
[EventType "team-tourn"]
[EventRounds "10"]
[EventCountry "GER"]
[SourceTitle "EXT 2023"]
[Source "ChessBase"]
[SourceDate "2022.10.05"]
[SourceVersion "1"]
[SourceVersionDate "2022.10.05"]
[SourceQuality "1"]
[WhiteTeam "Muenchen Zugzwang"]
[BlackTeam "Bayern Muenchen II"]
[WhiteTeamCountry "GER"]
[BlackTeamCountry "GER"]

1. Nf3 d5 2. c4 c6 3. e3 Nf6 4. d4 Bg4 5. Nc3 e6 6. h3 Bh5 7. g4 Bg6 8. Ne5 Nbd7 9. Nxg6 hxg6 10. Bg2 g5 11. Qe2 g6 12. Bd2 Nb6 13. e4 Nxc4 14. Bxg5 Be7 15. exd5 cxd5 16. Bxf6 Bxf6 17. Nxd5 Bg7 18. Qxc4 exd5 19. Bxd5 0-0 20. 0-0 Rc8 21. Qb3 Bxd4 22. Rad1 Qf6 23. Qa4 Bxb2 24. Qxa7 b6 25. Rd3 Rc3 26. Rfd1 Re8 27. Rxc3 Bxc3 28. Rd3 Re7 29. Qa4 Be5 30. Rf3 Qd6 31. Rxf7 Bh2+ 32. Kf1 1-0

[Event "GER Cup Net Final-A U2400"]
[Site "Playchess.com INT"]
[Date "2020.06.06"]
[Round "2"]
[White "Lantzsch, Christian"]
[Black "Rodewis, Thomas"]
[Result "0-1"]
[WhiteElo "2055"]
[BlackElo "2412"]
[PlyCount "174"]
[EventDate "2020.06.06"]
[EventType "swiss (blitz)"]
[EventRounds "13"]
[EventCountry "GER"]
[SourceTitle "CBM 197 Extra"]
[Source "ChessBase"]
[SourceDate "2020.09.30"]
[SourceVersion "1"]
[SourceVersionDate "2020.09.30"]
[SourceQuality "1"]

1. Nf3 d5 2. d4 Nf6 3. e3 c5 4. c3 Nc6 5. Nbd2 Bg4 6. Qb3 Qc7 7. h3 Bxf3 8. Nxf3 e6 9. Bb5 a6 10. Qa4 Rc8 11. Bxc6+ Qxc6 12. Qxc6+ Rxc6 13. Bd2 Bd6 14. Ke2 Kd7 15. dxc5 Rxc5 16. Rhd1 h6 17. Be1 e5 18. Rac1 Ke6 19. b4 Rc6 20. a3 Rhc8 21. Rc2 Ne4 22. Rdc1 b5 23. Ng1 Be7 24. f3 Nd6 25. Kd3 Nc4 26. Ne2 Nxa3 27. Ra2 Nc4 28. Rca1 Ra8 29. Ng3 f5 30. e4 dxe4+ 31. fxe4 f4 32. Nf1 Rd8+ 33. Kc2 Rdd6 34. Kb3 g5 35. Rc2 h5 36. Bf2 Bd8 37. Bc5 Rd3 38. Rca2 a5 39. Kc2 a4 40. Kxd3 Rc7 41. Ke2 g4 42. Rd1 Bg5 43. hxg4 hxg4 44. Kf2 Be7 45. Bxe7 Kxe7 46. Nd2 Nd6 47. Rc2 Ke6 48. Re1 Rc8 49. Rh1 Ra8 50. Rh6+ Ke7 51. Rh7+ Ke6 52. c4 a3 53. c5 a2 54. Nb3 Nxe4+ 55. Ke2 Ra3 56. Na1 Nc3+ 57. Kd2 Ne4+ 58. Kc1 f3 59. gxf3 gxf3 60. c6 f2 61. Rh1 Ra4 62. Rf1 Rxb4 63. Rxa2 Kd6 64. Rc2 Kc7 65. Kd1 Rb1+ 66. Ke2 Ng3+ 67. Kxf2 Rxf1+ 68. Kxg3 Rxa1 69. Kf3 Ra6 70. Ke4 Rxc6 71. Rh2 Rc5 72. Rh6 b4 73. Rg6 b3 74. Rg2 Rb5 75. Rb2 Kd6 76. Kd3 Kd5 77. Kc3 Ke4 78. Re2+ Kf3 79. Rb2 e4 80. Kd2 Kf2 81. Kc3+ Kf3 82. Kc4 Rb8 83. Kd4 e3 84. Kd3 e2 85. Kd2 Kf2 86. Kd3 Rd8+ 87. Kc3 Kf1 0-1

[Event "GER Cup Net Final-A U2400"]
[Site "Playchess.com INT"]
[Date "2020.06.06"]
[Round "6"]
[White "Rodewis, Thomas"]
[Black "Baskin, Robert"]
[Result "0-1"]
[WhiteElo "2412"]
[BlackElo "2208"]
[PlyCount "68"]
[EventDate "2020.06.06"]
[EventType "swiss (blitz)"]
[EventRounds "13"]
[EventCountry "GER"]
[SourceTitle "CBM 197 Extra"]
[Source "ChessBase"]
[SourceDate "2020.09.30"]
[SourceVersion "1"]
[SourceVersionDate "2020.09.30"]
[SourceQuality "1"]

1. d4 Nf6 2. c4 e6 3. Nc3 Bb4 4. f3 d5 5. a3 Be7 6. e4 dxe4 7. fxe4 c5 8. d5 exd5 9. exd5 0-0 10. Be2 Bd6 11. Nf3 Re8 12. 0-0 Bg4 13. Bg5 Nbd7 14. Nh4 Bxe2 15. Nxe2 Bxh2+ 16. Kh1 Be5 17. Nf5 h6 18. Bh4 Nf8 19. Nf4 Ng6 20. Nxg6 fxg6 21. Ne3 g5 22. Bf2 Ne4 23. Qc2 Bd4 24. Rae1 Nxf2+ 25. Rxf2 Rxe3 26. Ref1 Qd6 27. Qf5 Re7 28. Rf3 Rae8 29. b4 b6 30. g3 Re1 31. Qf7+ Kh8 32. Kg2 Rxf1 33. Kxf1 Qe7 34. Qg6 Qe2# 0-1

[Event "GER Cup Net Final-A U2400"]
[Site "Playchess.com INT"]
[Date "2020.06.06"]
[Round "1"]
[White "Rodewis, Thomas"]
[Black "Kopylov, Daniel"]
[Result "0-1"]
[WhiteElo "2412"]
[BlackElo "2078"]
[PlyCount "130"]
[EventDate "2020.06.06"]
[EventType "swiss (blitz)"]
[EventRounds "13"]
[EventCountry "GER"]
[SourceTitle "CBM 197 Extra"]
[Source "ChessBase"]
[SourceDate "2020.09.30"]
[SourceVersion "1"]
[SourceVersionDate "2020.09.30"]
[SourceQuality "1"]

1. d4 Nf6 2. c4 g6 3. Nc3 d5 4. Bf4 Bg7 5. e3 0-0 6. Rc1 Be6 7. Nf3 dxc4 8. Ng5 Bd5 9. e4 h6 10. exd5 hxg5 11. Bxg5 Nxd5 12. Bxc4 Nb6 13. Ne2 Nc6 14. Be3 Nxc4 15. Rxc4 Qd5 16. Qc2 Qxg2 17. Rg1 Qxh2 18. d5 Ne5 19. Bf4 Nf3+ 20. Kd1 Qh5 21. Rf1 Qxd5+ 22. Kc1 c6 23. Re4 Qxa2 24. Nc3 Bxc3 25. bxc3 Qa1+ 26. Qb1 Qxc3+ 27. Qc2 Qa3+ 28. Qb2 Qd3 29. Qe2 Qxe2 30. Rxe2 e5 31. Be3 Rfd8 32. Rh1 a5 33. Rh3 e4 34. Rc2 Rd5 35. Bc5 Rad8 36. Be3 a4 37. Kb2 Rb5+ 38. Ka3 Rd3+ 39. Kxa4 Rd1 40. Rc1 Rxc1 41. Bxc1 Ne5 42. Bd2 Nc4 43. Bc3 Kf8 44. Bf6 Ke8 45. Rh4 Nd6 46. Rh7 Rf5 47. Bd4 Kd7 48. Kb4 Ke6 49. Rh8 Kd5 50. Be3 c5+ 51. Kc3 b5 52. Rd8 b4+ 53. Kb3 Kc6 54. Ka4 Rd5 55. Bf4 Nc4 56. Rc8+ Kd7 57. Rc7+ Ke6 58. Kb5 Nd6+ 59. Kb6 b3 60. Bc1 c4 61. Bb2 Rd2 62. Ba3 b2 63. Rc6 b1Q+ 64. Kc7 Qb7+ 65. Kd8 Qd7# 0-1

[Event "GER Cup Net Final-A U2400"]
[Site "Playchess.com INT"]
[Date "2020.06.06"]
[Round "10"]
[White "Rodewis, Thomas"]
[Black "Namyslo, Holger"]
[Result "0-1"]
[WhiteElo "2412"]
[BlackElo "1924"]
[PlyCount "62"]
[EventDate "2020.06.06"]
[EventType "swiss (blitz)"]
[EventRounds "13"]
[EventCountry "GER"]
[SourceTitle "CBM 197 Extra"]
[Source "ChessBase"]
[SourceDate "2020.09.30"]
[SourceVersion "1"]
[SourceVersionDate "2020.09.30"]
[SourceQuality "1"]

1. d4 d5 2. c4 e6 3. Nc3 c5 4. cxd5 cxd4 5. Qa4+ Bd7 6. Qxd4 exd5 7. Qxd5 Nc6 8. Qd1 Nf6 9. Nf3 Bc5 10. e3 Qe7 11. a3 0-0-0 12. Qc2 g5 13. Nxg5 Rhg8 14. Nf3 Kb8 15. Bd2 Ne5 16. Nxe5 Qxe5 17. 0-0-0 Bf5 18. Qa4 Bb6 19. h3 Ne4 20. Nxe4 Bxe4 21. Bc3 Rxd1+ 22. Qxd1 Qe6 23. Qh5 f5 24. Be2 Qa2 25. Qh6 Qb1+ 26. Kd2 Rd8+ 27. Bd4 Qxh1 28. Qf6 Qb1 29. Kc3 Qc2+ 30. Kb4 a5+ 31. Kb5 Qb3# 0-1

[Event "GER Cup Net Final-A U2400"]
[Site "Playchess.com INT"]
[Date "2020.06.06"]
[Round "8"]
[White "Rodewis, Thomas"]
[Black "Plischki, Sebastian"]
[Result "0-1"]
[WhiteElo "2412"]
[BlackElo "2152"]
[PlyCount "88"]
[EventDate "2020.06.06"]
[EventType "swiss (blitz)"]
[EventRounds "13"]
[EventCountry "GER"]
[SourceTitle "CBM 197 Extra"]
[Source "ChessBase"]
[SourceDate "2020.09.30"]
[SourceVersion "1"]
[SourceVersionDate "2020.09.30"]
[SourceQuality "1"]

1. d4 d5 2. c4 c6 3. Nc3 Nf6 4. Nf3 a6 5. cxd5 cxd5 6. Bf4 Nc6 7. e3 Bg4 8. Be2 e6 9. h3 Bxf3 10. Bxf3 Bd6 11. Bxd6 Qxd6 12. 0-0 0-0 13. Rc1 Rfc8 14. Be2 b5 15. Bd3 Na5 16. b3 Rc7 17. Nb1 Nc6 18. Qd2 Rac8 19. a3 g6 20. Rc2 e5 21. dxe5 Nxe5 22. Rfc1 Kg7 23. Rxc7 Rxc7 24. Rxc7 Qxc7 25. Bf1 Qc5 26. b4 Qe7 27. Qd4 Nc4 28. Nc3 Qe6 29. Bxc4 dxc4 30. e4 Kg8 31. f3 h5 32. h4 Nd7 33. Nd5 Qe5 34. Qa7 Nf6 35. Ne7+ Kg7 36. Kf2 Qb2+ 37. Kg3 Qxa3 38. Qd4 Qd3 39. Qe5 Qd7 40. Kf4 Qe6 41. Qxe6 fxe6 42. Ke3 e5 43. Nc6 Nd7 44. Nb8 Nxb8 0-1

[Event "GER Cup Net Final-A U2400"]
[Site "Playchess.com INT"]
[Date "2020.06.06"]
[Round "12"]
[White "Wolter, Detlef"]
[Black "Rodewis, Thomas"]
[Result "1-0"]
[WhiteElo "2068"]
[BlackElo "2412"]
[PlyCount "69"]
[EventDate "2020.06.06"]
[EventType "swiss (blitz)"]
[EventRounds "13"]
[EventCountry "GER"]
[SourceTitle "CBM 197 Extra"]
[Source "ChessBase"]
[SourceDate "2020.09.30"]
[SourceVersion "1"]
[SourceVersionDate "2020.09.30"]
[SourceQuality "1"]

1. d4 d5 2. c4 c6 3. Nc3 Nf6 4. e3 e6 5. Nf3 Nbd7 6. Qc2 Bd6 7. b3 0-0 8. Bd3 Qe7 9. 0-0 e5 10. cxd5 cxd5 11. dxe5 Nxe5 12. Nxe5 Qxe5 13. f4 Qe7 14. Nb5 Bc5 15. Nd4 Bd7 16. Rf3 Rac8 17. Qf2 Ne4 18. Bxe4 dxe4 19. Rg3 Bxd4 20. exd4 f5 21. Bb2 Bb5 22. d5 Rf7 23. Qd4 Bd3 24. Rc1 Rxc1+ 25. Bxc1 b6 26. b4 Qd7 27. Bb2 Be2 28. h3 Bh5 29. d6 Bg6 30. Rc3 Rf6 31. Qe5 h6 32. Rc7 Qa4 33. Rxg7+ Kxg7 34. Qxf6+ Kg8 35. Qg7# 1-0

[Event "GER Cup Net V1 U2400"]
[Site "Playchess.com INT"]
[Date "2020.05.19"]
[Round "6"]
[White "Meissner, Felix"]
[Black "Rodewis, Thomas"]
[Result "0-1"]
[WhiteElo "2255"]
[BlackElo "2446"]
[PlyCount "124"]
[EventDate "2020.05.19"]
[EventType "swiss (blitz)"]
[EventRounds "9"]
[EventCountry "GER"]
[SourceTitle "EXT 2021"]
[Source "ChessBase"]
[SourceDate "2020.10.23"]
[SourceVersion "1"]
[SourceVersionDate "2020.10.23"]
[SourceQuality "1"]

1. e4 c6 2. Nc3 d5 3. Qe2 dxe4 4. Nxe4 e6 5. Nf3 Nf6 6. d3 Be7 7. g3 0-0 8. Bg2 Nbd7 9. 0-0 Nxe4 10. dxe4 e5 11. a4 a5 12. b3 Bc5 13. Bb2 Qe7 14. Rad1 Re8 15. Kh1 f6 16. Nh4 g6 17. f4 Nf8 18. fxe5 fxe5 19. Nf3 Bg4 20. Qc4+ Be6 21. Qc3 Bg4 22. Nxe5 Bb4 23. Nxg4 Bxc3 24. Bxc3 h5 25. Nf6+ Kg7 26. Nxe8+ Kh6 27. Nf6 Ne6 28. e5 Rd8 29. h4 Qc5 30. Rxd8 Nxd8 31. Ba1 Qxc2 32. Ne4 Qxb3 33. Ng5 Qxg3 34. Nf3 Ne6 35. Nh2 Qxh4 36. Bc3 Qxa4 37. Bd2+ Kg7 38. Bh3 Qc4 39. Bxe6 Qxe6 40. Nf3 Qd5 41. Kg1 a4 42. Kg2 a3 43. Bc3 Kg8 44. Re1 Qe6 45. Ba1 c5 46. Kf2 b5 47. Rd1 Qf5 48. Rd8+ Kf7 49. e6+ Kxe6 50. Rd2 b4 51. Re2+ Kd7 52. Re5 Qc2+ 53. Re2 Qc1 54. Be5 Kc6 55. Rd2 Kb5 56. Re2 a2 57. Re1 Qc2+ 58. Kg3 b3 59. Bf6 b2 60. Bxb2 Qxb2 61. Re8 a1Q 62. Rb8+ Kc6 0-1

[Event "GER Cup Net V1 U2400"]
[Site "Playchess.com INT"]
[Date "2020.05.19"]
[Round "4"]
[White "Rodewis, Thomas"]
[Black "Boesch, Dirk"]
[Result "1-0"]
[WhiteElo "2446"]
[BlackElo "2019"]
[PlyCount "91"]
[EventDate "2020.05.19"]
[EventType "swiss (blitz)"]
[EventRounds "9"]
[EventCountry "GER"]
[SourceTitle "EXT 2021"]
[Source "ChessBase"]
[SourceDate "2020.10.23"]
[SourceVersion "1"]
[SourceVersionDate "2020.10.23"]
[SourceQuality "1"]

1. d4 d5 2. c4 e6 3. Nc3 Nf6 4. cxd5 exd5 5. Bg5 Be7 6. e3 c6 7. Bd3 h6 8. Bh4 Nbd7 9. Nge2 0-0 10. 0-0 Ne4 11. Bxe7 Qxe7 12. Rb1 f5 13. Nf4 Qf7 14. Be2 Ndf6 15. Nd3 Nd7 16. f4 Re8 17. Ne5 Nxe5 18. fxe5 Qe6 19. Nxe4 fxe4 20. b4 a6 21. Qd2 Bd7 22. Rf4 Rf8 23. Ra1 Rxf4 24. exf4 Rf8 25. Rf1 Qg6 26. Qe3 Bg4 27. Qg3 Bh5 28. Qxg6 Bxg6 29. g4 Be8 30. f5 b6 31. Kf2 c5 32. bxc5 bxc5 33. dxc5 Bb5 34. Bxb5 axb5 35. Ke3 Ra8 36. Kd4 Rxa2 37. Kxd5 e3 38. c6 e2 39. Re1 Rd2+ 40. Ke6 b4 41. c7 Rc2 42. Kd7 b3 43. c8Q+ Rxc8 44. Kxc8 b2 45. e6 Kf8 46. Kd8 1-0

[Event "GER Cup Net V1 U2400"]
[Site "Playchess.com INT"]
[Date "2020.05.19"]
[Round "2"]
[White "Rodewis, Thomas"]
[Black "Wiemer, Peter"]
[Result "1-0"]
[WhiteElo "2446"]
[BlackElo "2038"]
[PlyCount "45"]
[EventDate "2020.05.19"]
[EventType "swiss (blitz)"]
[EventRounds "9"]
[EventCountry "GER"]
[SourceTitle "EXT 2021"]
[Source "ChessBase"]
[SourceDate "2020.10.23"]
[SourceVersion "1"]
[SourceVersionDate "2020.10.23"]
[SourceQuality "1"]

1. d4 Nf6 2. c4 e6 3. Nc3 Bb4 4. f3 0-0 5. e4 c5 6. d5 b5 7. Bd2 bxc4 8. Bxc4 exd5 9. Nxd5 Nc6 10. Nxb4 Nxb4 11. a3 d5 12. axb4 dxc4 13. bxc5 Qd4 14. Bc3 Qxc5 15. Ra5 Qb6 16. Ne2 Rd8 17. Qa1 Qe3 18. Qc1 Qxc1+ 19. Nxc1 Be6 20. Kf2 Nd7 21. Ne2 f6 22. Rha1 Nc5 23. Rxc5 1-0

[Event "BL2-Ost 1920"]
[Site "Germany"]
[Date "2019.12.07"]
[Round "5.7"]
[White "Pflug, Matthias"]
[Black "Rodewis, Thomas"]
[Result "0-1"]
[WhiteElo "2285"]
[BlackElo "2347"]
[PlyCount "68"]
[EventDate "2019.10.19"]
[EventType "team-tourn"]
[EventRounds "11"]
[EventCountry "GER"]
[SourceTitle "CBM 194 Extra"]
[Source "ChessBase"]
[SourceDate "2020.03.31"]
[SourceVersion "1"]
[SourceVersionDate "2020.03.31"]
[SourceQuality "1"]
[WhiteTeam "Passau"]
[BlackTeam "Bayern Muenchen II"]
[WhiteTeamCountry "GER"]
[BlackTeamCountry "GER"]

1. e4 c5 2. Nf3 e6 3. d4 cxd4 4. Nxd4 a6 5. Nc3 b5 6. Bd3 Nc6 7. Nxc6 dxc6 8. f4 e5 9. fxe5 Nh6 10. Qf3 Ng4 11. Bf4 Bc5 12. h3 Nf2 13. Rf1 Nxd3+ 14. cxd3 Be6 15. Ne2 Qb6 16. Bg5 h6 17. Bd2 0-0-0 18. b4 Bd4 19. Rc1 Kb7 20. Rc2 Rd7 21. Qg3 g5 22. Nc1 Qc7 23. Bc3 Rhd8 24. Rf6 a5 25. Bxd4 Rxd4 26. Rxe6 fxe6 27. Nb3 axb4 28. Nc5+ Ka8 29. Nxe6 Qa5 30. Ke2 Rxd3 31. Qxd3 Rxd3 32. Kxd3 Qa3+ 33. Kd4 b3 34. axb3 Qb4+ 0-1

[Event "Oberliga Bayern 1718"]
[Site "Bayern"]
[Date "2018.02.25"]
[Round "7.6"]
[White "Schnider, Gert"]
[Black "Rodewis, Thomas"]
[Result "1/2-1/2"]
[WhiteElo "2419"]
[BlackElo "2348"]
[PlyCount "166"]
[EventDate "2017.10.22"]
[EventType "team-tourn"]
[EventRounds "9"]
[EventCountry "GER"]
[SourceTitle "EXT 2020"]
[Source "ChessBase"]
[SourceDate "2019.10.17"]
[SourceVersion "1"]
[SourceVersionDate "2019.10.17"]
[SourceQuality "1"]
[WhiteTeam "Muenchen 36"]
[BlackTeam "Bayern Muenchen II"]
[WhiteTeamCountry "GER"]
[BlackTeamCountry "GER"]

1. b3 d5 2. Bb2 Nf6 3. e3 c6 4. f4 Bg4 5. Nf3 Nbd7 6. Be2 Qc7 7. Ne5 Bxe2 8. Qxe2 e6 9. d3 Bb4+ 10. Nd2 Nxe5 11. Bxe5 Qa5 12. a3 Bxd2+ 13. Qxd2 Qxd2+ 14. Kxd2 Nd7 15. Bb2 h5 16. Rhf1 f5 17. Rf3 Kf7 18. Re1 Rad8 19. Ke2 Rhe8 20. Rg1 Rc8 21. h3 Nf6 22. Be5 Re7 23. Rg3 Rd7 24. Rg5 Rh8 25. Kd2 Rh7 26. Kc3 c5 27. b4 b6 28. bxc5 bxc5 29. Rb1 c4 30. Rb8 cxd3 31. cxd3 g6 32. Rg3 Rg7 33. Rh8 Rh7 34. Rxh7+ Nxh7 35. Rf3 Rb7 36. Rf2 Nf6 37. Rc2 Nd7 38. Kd4 Nb6 39. Rb2 Rd7 40. Rc2 Ke7 41. Bc7 Na4 42. Rc6 Kf6 43. Be5+ Ke7 44. Ra6 Nb6 45. Bb8 Nc8 46. Ke5 Rb7 47. Rxe6+ Kd7 48. Bd6 Rb6 49. Rxg6 Rxd6 50. Rg5 Ne7 51. Rxh5 Re6+ 52. Kd4 Kd6 53. Rg5 Nc6+ 54. Kc3 Rxe3 55. Rxf5 Re2 56. g4 Kc5 57. Rf8 a5 58. a4 Re3 59. g5 d4+ 60. Kd2 Rxh3 61. g6 Rh2+ 62. Kd1 Rg2 63. f5 Ne5 64. Rg8 Kd6 65. Rd8+ Ke7 66. Rxd4 Kf6 67. Rd5 Ra2 68. Rxa5 Nxd3 69. Ra8 Nf2+ 70. Kc1 Ne4 71. Rf8+ Kg7 72. Rf7+ Kg8 73. Ra7 Rf2 74. Ra8+ Kg7 75. Ra7+ Kg8 76. Re7 Nd6 77. a5 Rxf5 78. a6 Nb5 79. Rb7 Rf6 80. Rxb5 Rxa6 81. Rg5 Kg7 82. Kd2 Rxg6 83. Rxg6+ Kxg6 1/2-1/2

[Event "Oberliga Bayern 1718"]
[Site "Bayern"]
[Date "2018.01.21"]
[Round "5.5"]
[White "Rodewis, Thomas"]
[Black "Goehring, Karl Heinz"]
[Result "0-1"]
[WhiteElo "2348"]
[BlackElo "2270"]
[PlyCount "88"]
[EventDate "2017.10.22"]
[EventType "team-tourn"]
[EventRounds "9"]
[EventCountry "GER"]
[SourceTitle "EXT 2020"]
[Source "ChessBase"]
[SourceDate "2019.10.17"]
[SourceVersion "1"]
[SourceVersionDate "2019.10.17"]
[SourceQuality "1"]
[WhiteTeam "Bayern Muenchen II"]
[BlackTeam "Schweinfurt"]
[WhiteTeamCountry "GER"]
[BlackTeamCountry "GER"]

1. d4 Nf6 2. Bf4 e6 3. e3 c5 4. c3 b6 5. Nd2 Bb7 6. Nc4 d5 7. Ne5 a6 8. Ngf3 Nbd7 9. Bd3 Be7 10. h4 h6 11. Rh3 b5 12. Rg3 Kf8 13. Qc2 Ne4 14. Nxd7+ Qxd7 15. Ne5 Qe8 16. Rh3 f6 17. Nf3 Rc8 18. Nd2 f5 19. f3 Nxd2 20. Qxd2 h5 21. a3 Kf7 22. Qf2 b4 23. dxc5 bxc3 24. b4 Bf6 25. Bg5 Qe7 26. Bxf6 Qxf6 27. Qc2 g6 28. Rc1 d4 29. exd4 Qxd4 30. Qxc3 Qg1+ 31. Bf1 Rhd8 32. Rc2 Rd1+ 33. Kxd1 Qxf1+ 34. Kd2 Qxg2+ 35. Kc1 Qxh3 36. Qd3 Qxh4 37. Rd2 Qf6 38. Qd7+ Qe7 39. Qd4 Bc6 40. f4 Rc7 41. Qh8 Qf6 42. Qb8 Qc3+ 43. Kd1 Bf3+ 44. Ke1 Qc1+ 0-1